[Event "54th Rubinstein Memorial-A 2018"]
[Site "Polanica-Zdroj"]
[Date "2018.08.26"]
[Round "9"]
[White "Okrucinski, Tadeusz"]
[Black "Mika, Tomasz"]
[Result "1/2-1/2"]
[WhiteElo "2182"]
[BlackElo "2120"]
[Annotator "NA"]
[PlyCount "79"]
[EventDate "2018.08.18"]
[EventType "swiss"]
[EventCountry "POL"]
[SourceTitle "playchess.com"]
[Source "ChessBase"]
[SourceQuality "1"]
[TimeControl "40/5400+30:1800+30"]

1. d4 {[%emt 0:00:00]} d5 {[%emt 0:00:00]} 2. c4 {[%emt 0:00:00]} c6 {[%emt 0:00:00]} 3. Nf3 {[%emt 0:00:00]} Nf6 {[%emt 0:00:00]} 4. g3 {[%emt 0:00:00]} dxc4 {[%emt 0:01:05]} 5. Bg2 {[%emt 0:00:00]} Bf5 {[%emt 0:01:52]} 6. O-O {[%emt 0:00:15]} Nbd7 {[%emt 0:01:04]} 7. Nc3 {[%emt 0:01:35]} e6 {[%emt 0:01:07]} 8. Nh4 {[%emt 0:00:08]} Be7 {[%emt 0:03:37]} 9. Nxf5 {[%emt 0:03:29]} exf5 {[%emt 0:00:06]} 10. d5 {[%emt 0:01:28]} cxd5 {[%emt 0:04:20]} 11. Nxd5 {[%emt 0:00:19]} Nb6 {[%emt 0:02:55]} 12. Nxb6 {[%emt 0:04:40]} Qxd1 {[%emt 0:00:48]} 13. Rxd1 {[%emt 0:00:11]} axb6 {[%emt 0:00:03]} 14. Bxb7 {[%emt 0:00:27]} Ra7 {[%emt 0:02:33]} 15. Bc6+ {[%emt 0:02:35]} Kf8 {[%emt 0:02:26]} 16. Be3 {[%emt 0:15:53]} Rc7 $18 {[%emt 0:04:00]} 17. Bb5 {[%emt 0:00:25]} Ne4 {[%emt 0:00:43]} 18. f3 {[%emt 0:13:10]} Nd6 {[%emt 0:01:21]} 19. a4 {[%emt 0:00:18]} g5 {[%emt 0:10:24]} 20. Bxb6 {[%emt 0:02:27]} Nxb5 {[%emt 0:00:15]} 21. axb5 {[%emt 0:00:14]} Bc5+ {[%emt 0:00:26]} 22. Bxc5+ {[%emt 0:00:29]} Rxc5 {[%emt 0:00:04]} 23. Ra7 {[%emt 0:12:29]} Kg7 {[%emt 0:00:32]} 24. Rdd7 {[%emt 0:00:08]} Rf8 {[%emt 0:00:04]} 25. Rab7 {[%emt 0:00:51]} Re5 {[%emt 0:03:05]} 26. Kf1 {[%emt 0:07:13]} Kg6 {[%emt 0:10:29]} 27. Re7 {[%emt 0:02:34]} Rd5 {[%emt 0:02:23]} 28. Ke1 {[%emt 0:00:29]} h6 {[%emt 0:01:42]} 29. Red7 {[%emt 0:12:29]} Re5 {[%emt 0:00:50]} 30. Re7 {[%emt 0:00:06]} Rd5 {[%emt 0:00:05]} 31. Rb6+ {[%emt 0:00:24]} Kg7 {[%emt 0:00:31]} 32. Rbb7 {[%emt 0:00:04]} Kg6 {[%emt 0:00:06]} 33. Rb6+ {[%emt 0:07:03]} Kg7 {[%emt 0:00:08]} 34. Rbb7 {[%emt 0:00:05]} Kg6 {[%emt 0:00:06]} 35. Rec7 {[%emt 0:00:35]} Rfd8 {[%emt 0:02:49]} 36. Rxf7 {[%emt 0:02:39]} Rd1+ {[%emt 0:00:14]} 37. Kf2 {[%emt 0:00:04]} R1d2 {[%emt 0:00:43]} 38. Rfe7 {[%emt 0:03:17]} R8d6 {[%emt 0:00:37]} 39. Rbc7 {[%emt 0:07:54]} Rxb2 40. Rxc4 1/2-1/2

[Event "54th Rubinstein Memorial-A 2018"]
[Site "Polanica-Zdroj"]
[Date "2018.08.26"]
[Round "9"]
[White "Sanz Wawer, Daniel"]
[Black "Betkowski, Andrzej"]
[Result "1/2-1/2"]
[WhiteElo "2180"]
[BlackElo "2041"]
[Annotator "NA"]
[PlyCount "125"]
[EventDate "2018.08.18"]
[EventType "swiss"]
[EventCountry "POL"]
[SourceTitle "playchess.com"]
[Source "ChessBase"]
[SourceQuality "1"]
[TimeControl "40/5400+30:1800+30"]

1. d4 e6 2. c4 b6 3. Nc3 Bb7 4. Nf3 Bb4 5. Qc2 f5 6. a3 Bxc3+ 7. Qxc3 Nf6 8. g3 {E32: Nimzo-Indian: Classical (4 Qc2): 4...0-0} O-O (8... d6 9. Bg2 O-O 10. O-O Nbd7 11. b4 Qe8 12. a4 a5 13. b5 Qh5 14. Qc2 Rae8 15. Ba3 f4 {0-1 (68) Fedoseev,V (2548)-Khismatullin,D (2656) Plovdiv 2012}) 9. Bg2 Qe7 10. O-O d6 11. b4 c5 12. Bg5 $146 ({Predecessor:} 12. dxc5 dxc5 13. b5 {0-1 (30) Peat,M (2078)-Kennedy,C (1897) London 2013}) 12... Nbd7 13. bxc5 dxc5 14. Rfd1 cxd4 15. Qxd4 Nc5 16. Qb2 Rad8 17. Bf4 Rxd1+ 18. Rxd1 Rd8 19. Rxd8+ Qxd8 20. Nd2 Nfe4 21. Nxe4 Qd1+ 22. Bf1 Bxe4 23. Qe5 Qd7 24. Qb8+ Kf7 25. h4 h5 26. Qh8 Kg6 27. Be5 Qe7 28. f3 Nd7 29. Bd4 Bc6 30. g4 fxg4 31. fxg4 Nf6 32. gxh5+ Nxh5 33. Qg8 Qd6 34. Bf2 Nf6 35. h5+ Nxh5 36. e3 Nf6 37. Qh8 Nh7 38. e4 Qf4 39. Bg2 Nf6 40. Qh3 Bxe4 41. Qxe6 Bxg2 42. Kxg2 Qe4+ 43. Qxe4+ Nxe4 44. Bd4 Kf7 45. Kh3 g5 46. Kg4 Kg6 47. Be3 Nf6+ 48. Kf3 Kf5 49. c5 Nd5 50. cxb6 axb6 51. Bd4 g4+ 52. Kg3 b5 53. Ba7 Nc3 54. Bb8 Ne4+ 55. Kg2 Ke6 56. Bf4 Kd5 57. Bh6 Kc4 58. Bf8 Kb3 59. Be7 Nd2 $11 ({Black should try} 59... Kc3 $17 60. Bb4+ Kd4) 60. Kg3 Nc4 61. Kxg4 Nxa3 62. Kf3 Nc2 63. Ke4 1/2-1/2

[Event "54th Rubinstein Memorial-A 2018"]
[Site "Polanica-Zdroj"]
[Date "2018.08.26"]
[Round "9"]
[White "Jaskolka, Tomasz"]
[Black "Shishkin, Vadim"]
[Result "0-1"]
[WhiteElo "2165"]
[BlackElo "2461"]
[Annotator "TA"]
[PlyCount "30"]
[EventDate "2018.08.18"]
[EventType "swiss"]
[EventCountry "POL"]
[SourceTitle "playchess.com"]
[Source "ChessBase"]
[SourceQuality "1"]

{[%evp 14,30,0,-19,-24,-29,8,-142,-137,-253,-260,-294,-295,-302,-299,-352,-341,-363,-366]} 1. d4 Nf6 2. Bf4 g6 3. Nc3 d5 4. e3 Bg7 5. h4 h5 6. Be2 {A45: Damenbauernspiele (Trompowski-Angriff)} (6. Nf3 Bg4 7. Be2 Bxf3 8. Bxf3 c6 9. Qd2 Nbd7 10. O-O-O b5 11. Kb1 {½-½ (34) Aronian,L (2797)-Vachier Lagrave,M (2793) Caleta 2018}) 6... O-O 7. Nf3 c5 {[%cal Bc7c5,Bc5c4][%mdl 32]} 8. Ne5 {LiveBook: 4 Partien. Die Stellung ist ausgeglichen.} Nc6 9. Qd2 Be6 10. Bb5 $146 ({Besser ist} 10. f3 $11) ({Vorgänger:} 10. O-O-O Rc8 11. f3 a6 12. Nxc6 Rxc6 13. Be5 cxd4 14. Qxd4 Qa5 15. g4 Rfc8 16. gxh5 Nxh5 17. Bxg7 Nxg7 {0-1 (70) Haast,M (2255)-Solleveld,M (2502) Bethune 2011}) 10... Nxe5 $17 11. Bxe5 {[#]} (11. dxe5 $17 Ng4 12. Rd1) 11... c4 $1 $19 12. Ba4 {[#]} a6 $1 13. f3 b5 14. Bxb5 axb5 15. Nxb5 Qb6 0-1

[Event "54th Rubinstein Memorial-A 2018"]
[Site "Polanica-Zdroj"]
[Date "2018.08.26"]
[Round "9"]
[White "Zaleski, Lukasz"]
[Black "Bilczewski, Kacper"]
[Result "0-1"]
[WhiteElo "2164"]
[BlackElo "2089"]
[Annotator "NA"]
[PlyCount "46"]
[EventDate "2018.08.18"]
[EventType "swiss"]
[EventCountry "POL"]
[SourceTitle "playchess.com"]
[Source "ChessBase"]
[SourceQuality "1"]
[TimeControl "40/5400+30:1800+30"]

1. e4 d6 2. d4 Nf6 3. Nc3 e5 4. Nge2 Be7 5. h3 c6 6. g4 b5 7. a3 a5 8. Bg2 Nbd7 9. Ng3 $14 (9. d5 $16) 9... Nb6 10. O-O O-O 11. f4 Qc7 12. g5 Ne8 13. f5 f6 14. g6 h6 15. Nh5 Ba6 16. Re1 b4 17. axb4 axb4 18. Ne2 Bxe2 19. Qxe2 Rxa1 20. Qe3 Bd8 21. Qb3+ Kh8 22. Qxb4 c5 23. Qc3 cxd4 0-1

[Event "54th Rubinstein Memorial-A 2018"]
[Site "Polanica-Zdroj"]
[Date "2018.08.26"]
[Round "9"]
[White "Kozak, Antoni"]
[Black "Bukojemski, Adam"]
[Result "1/2-1/2"]
[WhiteElo "2157"]
[BlackElo "2233"]
[Annotator "NA"]
[PlyCount "100"]
[EventDate "2018.08.18"]
[EventType "swiss"]
[EventCountry "POL"]
[SourceTitle "playchess.com"]
[Source "ChessBase"]
[SourceQuality "1"]
[TimeControl "40/5400+30:1800+30"]

1. d4 {[%emt 0:00:00]} Nf6 {[%emt 0:00:00]} 2. Bf4 {[%emt 0:00:00]} e6 {[%emt 0:00:00]} 3. e3 {[%emt 0:00:05]} c5 {[%emt 0:00:00]} 4. Nf3 {[%emt 0:02:31]} Qb6 {[%emt 0:00:05]} 5. Na3 {[%emt 0:10:16] A46: 1 d4 Nf6 2 Nf3 e6: Torre, London and Colle Systems} cxd4 {[%emt 0:02:25]} 6. Nb5 {[%emt 0:01:11]} Nd5 {[%emt 0:00:36]} 7. Qxd4 {[%emt 0:01:48]} Qxd4 {[%emt 0:00:13]} 8. Nfxd4 {[%emt 0:00:39] LiveBook: 6 Games} Nxf4 {[%emt 0:00:12]} 9. exf4 {[%emt 0:08:57]} (9. Nc7+ Kd8 10. Nxa8 Nd5 11. Be2 b6 12. Bf3 Bb4+ {1-0 (51) Stocek,J (2560)-Navara,D (2732) Ostrava 2017}) 9... Kd8 {[%emt 0:02:29]} 10. Nf3 $146 {[%emt 0:07:56]} ({Predecessor:} 10. O-O-O a6 11. Nc3 Nc6 12. Ne4 Kc7 13. Be2 Nxd4 14. Rxd4 {0-1 (65) Federic,J (2296)-Plat,V (2510) Frydek Mistek 2017}) 10... f6 {[%emt 0:22:24]} 11. O-O-O {[%emt 0:00:37]} a6 {[%emt 0:00:15]} 12. Nd6 {[%emt 0:00:49]} Bxd6 {[%emt 0:00:05]} 13. Rxd6 {[%emt 0:00:05]} Kc7 {[%emt 0:00:03]} 14. Rd2 {[%emt 0:00:51]} b5 {[%emt 0:00:14]} 15. h4 {[%emt 0:06:53]} Nc6 {[%emt 0:05:05]} 16. Rh3 {[%emt 0:00:54]} Bb7 {[%emt 0:00:25]} 17. Rg3 {[%emt 0:02:41]} g6 {[%emt 0:00:26]} 18. h5 {[%emt 0:04:29]} Ne7 {[%emt 0:03:05]} 19. Nh4 {[%emt 0:02:56]} Rag8 {[%emt 0:08:03]} 20. a4 {[%emt 0:07:50]} Bc6 {[%emt 0:01:11]} 21. axb5 {[%emt 0:03:54]} axb5 {[%emt 0:00:01]} 22. Be2 {[%emt 0:06:46]} Ra8 {[%emt 0:10:13]} 23. Rd4 {[%emt 0:01:59]} Ra1+ {[%emt 0:03:31]} 24. Kd2 {[%emt 0:00:04]} Rh1 {[%emt 0:01:30]} 25. Rh3 {[%emt 0:02:51]} Rxh3 {[%emt 0:06:51]} 26. gxh3 {[%emt 0:00:02]} Ra8 {[%emt 0:01:03]} 27. Rd3 {[%emt 0:01:13] [#]} Ra4 $1 {[%emt 0:03:49]} 28. hxg6 {[%emt 0:04:53]} hxg6 {[%emt 0:04:11]} 29. Rg3 {[%emt 0:01:20]} Nf5 {[%emt 0:08:11]} 30. Nxf5 gxf5 31. Rg6 {[%emt 0:03:21]} Rxf4 {[%emt 0:00:15]} 32. f3 {[%emt 0:00:03]} Rh4 {[%emt 0:00:25]} 33. Bf1 {[%emt 0:00:14]} Bxf3 {[%emt 0:00:34]} 34. Bxb5 {[%emt 0:00:22]} Rxh3 {[%emt 0:00:16]} 35. Rxf6 {[%emt 0:00:05]} Rh2+ {[%emt 0:04:13]} 36. Ke3 {[%emt 0:00:39]} Be4 {[%emt 0:02:21]} 37. Rf7 {[%emt 0:00:04]} Rxc2 {[%emt 0:00:24]} 38. Rxd7+ {[%emt 0:00:34]} Kb6 {[%emt 0:00:54]} 39. Bd3 {[%emt 0:00:11]} Bxd3 {[%emt 0:03:38]} ({Inferior is} 39... Rxb2 40. Bxe4 fxe4 41. Rd6+ Kc5 42. Rxe6 $11) 40. Kxd3 {[%emt 0:00:00]} Rxb2 {[%emt 0:00:00]} 41. Rd6+ {[%emt 0:00:11]} Kc5 {[%emt 0:00:20]} 42. Rxe6 {[%emt 0:00:06]} Kd5 {[%emt 0:00:20]} 43. Ra6 {[%emt 0:00:04]} Rb3+ {[%emt 0:00:11]} 44. Ke2 {[%emt 0:00:05]} Ke5 {[%emt 0:00:00]} 45. Ra4 {[%emt 0:00:09]} f4 {[%emt 0:00:28]} 46. Ra8 $11 {[%emt 0:00:04]} Kf5 {[%emt 0:01:42]} 47. Rf8+ {[%emt 0:00:06]} Kg4 {[%emt 0:00:06]} 48. Rg8+ {[%emt 0:00:13]} Kh3 {[%emt 0:00:02]} 49. Kf2 {[%emt 0:00:12]} Rg3 {[%emt 0:00:38]} 50. Rh8+ {[%emt 0:00:05]} Kg4 {[%emt 0:00:05]} 1/2-1/2

[Event "54th Rubinstein Memorial-A 2018"]
[Site "Polanica-Zdroj"]
[Date "2018.08.26"]
[Round "9"]
[White "Klepek, Witold"]
[Black "Djuric, Stefan"]
[Result "0-1"]
[WhiteElo "2139"]
[BlackElo "2352"]
[Annotator "NA"]
[PlyCount "50"]
[EventDate "2018.08.18"]
[EventType "swiss"]
[EventCountry "POL"]
[SourceTitle "playchess.com"]
[Source "ChessBase"]
[SourceQuality "1"]
[TimeControl "40/5400+30:1800+30"]

1. e4 {[%emt 0:00:00]} e5 {[%emt 0:09:52]} 2. Nf3 {[%emt 0:00:00]} Nc6 {[%emt 0:00:11]} 3. d4 {[%emt 0:00:00]} exd4 {[%emt 0:00:14]} 4. Nxd4 {[%emt 0:00:00]} Bb4+ {[%emt 0:00:16]} 5. c3 {[%emt 0:00:33]} Bc5 {[%emt 0:00:17] C45: Schottische Partie} (5... Be7 6. Nxc6 bxc6 7. Bd3 d6 8. O-O Nf6 9. Re1 O-O 10. Nd2 Re8 11. Nf3 Nd7 12. Bf4 Nc5 13. Bc2 Bg4 14. h3 Bh5 15. Be3 Nd7 16. Ba4 c5 {0-1 (29) So,W (2810)-Carlsen,M (2822) Saint Louis 2017 CBM 180 [Mekhitarian,K]}) 6. g3 {[%emt 0:07:25]} Nf6 {[%emt 0:05:53]} 7. Bg2 {[%emt 0:03:18]} O-O {[%emt 0:00:19]} 8. O-O {[%emt 0:00:22]} Re8 {[%emt 0:00:36]} 9. Re1 {[%emt 0:01:28]} d5 $146 {[%emt 0:12:29]} ({Vorgänger:} 9... d6 10. h3 Ne5 11. Kh2 c6 12. f4 Ng6 13. Qf3 {½-½ (25) Krumm,J (2069)-Kopp,B (2183) Germany 2016}) 10. Nxc6 {[%emt 0:08:42]} bxc6 {[%emt 0:00:20]} 11. Bg5 {[%emt 0:00:33]} h6 {[%emt 0:06:11]} 12. Bxf6 {[%emt 0:02:13]} Qxf6 {[%emt 0:00:11]} 13. Qf3 {[%emt 0:00:25]} Qxf3 {[%emt 0:15:22]} 14. Bxf3 {[%emt 0:00:05]} f5 {[%emt 0:00:22]} 15. e5 {[%emt 0:03:12] [#]} Rb8 $1 {[%emt 0:00:57]} 16. Bh5 {[%emt 0:03:12]} Rxb2 {[%emt 0:00:37]} 17. Bxe8 {[%emt 0:05:00]} Bxf2+ {[%emt 0:00:13]} 18. Kh1 {[%emt 0:00:06]} Bxe1 {[%emt 0:00:44]} 19. Bxc6 {[%emt 0:00:07]} Be6 {[%emt 0:00:45]} 20. Na3 {[%emt 0:00:05]} Bxc3 {[%emt 0:01:11]} 21. Rc1 {[%emt 0:00:31]} Bd2 {[%emt 0:02:53]} 22. Rd1 {[%emt 0:04:04]} a6 {[%emt 0:04:05]} 23. Nb1 {[%emt 0:01:02]} Bb4 {[%emt 0:02:35]} 24. a3 $19 {[%emt 0:01:22]} Ba5 {[%emt 0:00:22]} 25. Rc1 {[%emt 0:00:26]} d4 {[%emt 0:02:14]} 0-1

[Event "54th Rubinstein Memorial-A 2018"]
[Site "Polanica-Zdroj"]
[Date "2018.08.26"]
[Round "9"]
[White "Wisniewski, Michal"]
[Black "Reza, Wojciech"]
[Result "1-0"]
[WhiteElo "2122"]
[BlackElo "2303"]
[Annotator "NA"]
[PlyCount "77"]
[EventDate "2018.08.18"]
[EventType "swiss"]
[EventCountry "POL"]
[SourceTitle "playchess.com"]
[Source "ChessBase"]
[SourceQuality "1"]
[TimeControl "40/5400+30:1800+30"]

1. c3 {[%emt 0:07:10]} Nf6 {[%emt 0:01:06]} 2. c4 {[%emt 0:00:08] A00: Irregular Openings} (2. d4 g6 3. Bg5 Bg7 4. Nd2 O-O 5. e3 c5 6. dxc5 a5 7. Bxf6 Bxf6 8. Ne4 Bg7 9. Qd5 a4 10. h4 a3 11. b4 Nc6 12. Rd1 {1-0 (32) Bartel,M (2609)-Ladva,O (2522) Katowice 2017}) 2... e5 {[%emt 0:00:45]} 3. d3 {[%emt 0:00:03]} Nc6 {[%emt 0:03:07]} 4. a3 {[%emt 0:01:20]} d5 {[%emt 0:00:24]} 5. cxd5 {[%emt 0:00:04]} Nxd5 {[%emt 0:00:05] LiveBook: 700 Games} 6. Nf3 {[%emt 0:00:03]} Bg4 {[%emt 0:09:21]} 7. Nbd2 $146 {[%emt 0:03:18]} ({Predecessor:} 7. e3 Qf6 8. h3 Bh5 9. Be2 O-O-O {½-½ (23) Ustinov,A (2193)-Denishev,M (2131) Dmitrov 2011}) 7... Bc5 {[%emt 0:02:38]} 8. h3 {[%emt 0:00:04]} Be6 {[%emt 0:02:08]} 9. Qc2 {[%emt 0:11:42]} Qe7 {[%emt 0:10:49]} 10. b4 {[%emt 0:02:10]} Bb6 {[%emt 0:09:08]} 11. Bb2 {[%emt 0:03:54]} Bd7 {[%emt 0:28:09]} ({Black should try} 11... Nd4 $11 12. Nxd4 exd4) 12. Nc4 {[%emt 0:14:29]} O-O {[%emt 0:05:36]} 13. e4 {[%emt 0:13:33]} Nf4 {[%emt 0:06:01]} 14. Nfxe5 {[%emt 0:12:51]} Nd4 {[%emt 0:01:44]} 15. Qc3 {[%emt 0:04:18]} Ba4 {[%emt 0:03:25]} 16. Rc1 {[%emt 0:13:58]} Nfe6 17. Nxb6 {[%emt 0:05:08]} cxb6 {[%emt 0:00:21]} 18. Nf3 {[%emt 0:00:27]} Rfd8 {[%emt 0:06:06]} 19. Be2 {[%emt 0:01:35]} Nxe2 {[%emt 0:01:33]} 20. Kxe2 {[%emt 0:00:23]} Nf4+ {[%emt 0:00:11]} 21. Kf1 {[%emt 0:01:11] [#]} f6 {[%emt 0:01:14]} ({Black should play} 21... Qf8 $1 $17 22. Nd4 Rac8) 22. Nd4 {[%emt 0:00:09]} Qd7 {[%emt 0:01:16]} 23. g3 {[%emt 0:00:44]} Nxh3 {[%emt 0:05:02]} 24. Qc4+ {[%emt 0:00:16]} Kh8 {[%emt 0:00:06]} 25. b5 {[%emt 0:00:02]} Rac8 {[%emt 0:01:30]} 26. Qxa4 {[%emt 0:00:02]} Rxc1+ 27. Bxc1 {[%emt 0:00:02]} Ng5 {[%emt 0:00:56]} 28. Be3 {[%emt 0:02:10]} Qg4 {[%emt 0:00:11]} 29. Bxg5 {[%emt 0:00:18]} fxg5 {[%emt 0:00:12]} 30. Kg2 {[%emt 0:00:13]} Qd7 {[%emt 0:00:05]} 31. Nf3 {[%emt 0:00:31]} Qxd3 {[%emt 0:00:44]} 32. Nxg5 {[%emt 0:00:27]} Kg8 {[%emt 0:00:28] [#]} 33. Rc1 $18 {[%emt 0:00:27]} (33. Rd1 $142 $3 {[%mdl 512]} Qxd1 34. Qc4+ Qd5 35. exd5 h6 36. d6+ Kh8 37. Nf7+ Kh7 38. Nxd8) 33... h6 {[%emt 0:00:51]} 34. Nf3 {[%emt 0:00:04]} Qd7 {[%emt 0:00:08]} 35. Qc4+ {[%emt 0:00:11]} Kh7 {[%emt 0:00:10]} 36. e5 {[%emt 0:00:08]} Re8 {[%emt 0:00:07]} 37. Re1 {[%emt 0:00:32]} Re6 {[%emt 0:00:22]} 38. Re3 {[%emt 0:00:05]} Qe7 {[%emt 0:00:20]} 39. Qe4+ {[%emt 0:00:04]} 1-0

[Event "54th Rubinstein Memorial-A 2018"]
[Site "Polanica-Zdroj"]
[Date "2018.08.26"]
[Round "9"]
[White "Goslawski, Michal"]
[Black "Kucza, Karol"]
[Result "1/2-1/2"]
[WhiteElo "2110"]
[BlackElo "2342"]
[Annotator "NA"]
[PlyCount "70"]
[EventDate "2018.08.18"]
[EventType "swiss"]
[EventCountry "POL"]
[SourceTitle "playchess.com"]
[Source "ChessBase"]
[SourceQuality "1"]
[TimeControl "40/5400+30:1800+30"]

1. Nf3 {[%emt 0:00:00]} Nf6 {[%emt 0:00:00]} 2. c4 {[%emt 0:00:00]} e6 {[%emt 0:00:00]} 3. g3 {[%emt 0:00:00]} d5 {[%emt 0:00:00]} 4. d4 {[%emt 0:00:00]} dxc4 {[%emt 0:00:12]} 5. Bg2 {[%emt 0:00:00]} a6 {[%emt 0:00:13]} 6. O-O {[%emt 0:00:57]} Nc6 {[%emt 0:00:11]} 7. e3 {[%emt 0:04:24]} Bd7 {[%emt 0:00:35]} 8. Qe2 {[%emt 0:02:17]} Bd6 {[%emt 0:01:22]} 9. Qxc4 {[%emt 0:07:05]} O-O {[%emt 0:00:44]} 10. Rd1 {[%emt 0:04:13]} Rb8 {[%emt 0:01:02]} 11. Nc3 {[%emt 0:09:40]} Qe7 {[%emt 0:13:36]} 12. e4 {[%emt 0:03:56]} b5 {[%emt 0:01:39]} 13. Qe2 {[%emt 0:01:27]} e5 {[%emt 0:00:11]} 14. dxe5 {[%emt 0:02:53]} Nxe5 {[%emt 0:02:45]} 15. Nxe5 {[%emt 0:00:10]} Bxe5 {[%emt 0:00:07]} 16. h3 {[%emt 0:03:01]} b4 {[%emt 0:06:00]} 17. Nd5 $15 {[%emt 0:01:32]} Nxd5 {[%emt 0:00:08]} 18. Rxd5 {[%emt 0:06:23]} Bc6 {[%emt 0:03:28]} 19. Rd1 {[%emt 0:03:17]} Bb5 {[%emt 0:01:13]} 20. Qc2 {[%emt 0:01:19]} c5 {[%emt 0:03:25]} 21. Be3 {[%emt 0:01:32]} Rbc8 {[%emt 0:08:22]} 22. a4 {[%emt 0:06:54]} bxa3 {[%emt 0:02:16]} 23. Rxa3 {[%emt 0:00:06]} Rfd8 {[%emt 0:10:41]} 24. Rxd8+ {[%emt 0:12:42]} Qxd8 {[%emt 0:00:08]} 25. Bxc5 {[%emt 0:01:53]} Bxb2 {[%emt 0:03:25]} 26. Qxb2 {[%emt 0:02:19]} Rxc5 {[%emt 0:00:14]} 27. Rc3 {[%emt 0:05:51]} Qd4 {[%emt 0:03:26]} 28. Rxc5 {[%emt 0:00:09]} Qxc5 {[%emt 0:00:06]} 29. Qd2 {[%emt 0:00:53]} Qc7 {[%emt 0:01:36]} 30. Qd5 {[%emt 0:03:03]} Bc6 {[%emt 0:05:46]} 31. Qc5 {[%emt 0:01:28]} Qb7 {[%emt 0:00:06]} 32. Qa5 {[%emt 0:02:05]} h6 {[%emt 0:02:44]} 33. Bf1 {[%emt 0:01:25]} Qb1 {[%emt 0:06:35]} 34. Qxa6 {[%emt 0:00:50]} Bxe4 {[%emt 0:00:38]} 35. Qb5 {[%emt 0:04:55]} Qxb5 {[%emt 0:02:55]} 1/2-1/2

[Event "54th Rubinstein Memorial-A 2018"]
[Site "Polanica-Zdroj"]
[Date "2018.08.26"]
[Round "9"]
[White "Luberanski, Jakub"]
[Black "Nowak, Kamil"]
[Result "0-1"]
[WhiteElo "1763"]
[BlackElo "2313"]
[Annotator "NA"]
[PlyCount "98"]
[EventDate "2018.08.18"]
[EventType "swiss"]
[EventCountry "POL"]
[SourceTitle "playchess.com"]
[Source "ChessBase"]
[SourceQuality "1"]
[TimeControl "40/5400+30:1800+30"]

1. e4 {[%emt 0:00:00]} e6 {[%emt 0:00:00]} 2. d4 {[%emt 0:00:00]} d5 {[%emt 0:00:00]} 3. Nc3 {[%emt 0:00:00]} Nf6 {[%emt 0:00:00]} 4. e5 {[%emt 0:00:00]} Nfd7 {[%emt 0:00:00]} 5. f4 {[%emt 0:00:00]} c5 {[%emt 0:00:04]} 6. Nf3 {[%emt 0:00:13]} Nc6 {[%emt 0:00:08]} 7. Be3 {[%emt 0:00:05]} Be7 {[%emt 0:00:06]} 8. Be2 {[%emt 0:06:09]} O-O {[%emt 0:01:25]} 9. O-O {[%emt 0:01:22] C11: French: Classical System: 4 e5 and 4 Bg5 dxe4} (9. Qd2 b6 {½-½ (9) Solodovnichenko,Y (2531)-Baklan,V (2595) Cesme 2018}) 9... b6 {[%emt 0:00:54]} 10. Qe1 {[%emt 0:03:51]} f5 {[%emt 0:04:58]} 11. Kh1 {[%emt 0:10:33]} Bb7 {[%emt 0:06:00]} 12. Rd1 {[%emt 0:01:56]} Kh8 $146 {[%emt 0:03:07]} ({Predecessor:} 12... cxd4 13. Nxd4 Nxd4 14. Bxd4 Nc5 15. b4 Nd7 {½-½ (29) Adair,J (2488)-Martins,D (2383) Reading 2016}) 13. Qg3 {[%emt 0:05:17]} Rg8 {[%emt 0:05:00]} 14. Qh3 {[%emt 0:02:45]} cxd4 {[%emt 0:08:43]} 15. Nxd4 {[%emt 0:00:46]} Nxd4 {[%emt 0:00:08]} 16. Bxd4 {[%emt 0:00:06]} Nc5 {[%emt 0:00:07]} 17. g4 {[%emt 0:06:06]} Qc8 {[%emt 0:02:12]} 18. Rg1 {[%emt 0:03:41]} Ne4 {[%emt 0:04:21]} 19. gxf5 {[%emt 0:02:33]} exf5 {[%emt 0:04:17]} 20. Bh5 {[%emt 0:12:46]} Rf8 {[%emt 0:16:08]} 21. Rg2 {[%emt 0:08:26]} Bc5 {[%emt 0:00:40]} 22. Ne2 {[%emt 0:07:25]} Qe6 {[%emt 0:02:35]} 23. Rdg1 {[%emt 0:02:11]} Qh6 {[%emt 0:01:19]} 24. c3 {[%emt 0:06:22]} Bxd4 {[%emt 0:01:24]} 25. cxd4 {[%emt 0:03:19]} a5 {[%emt 0:02:56]} 26. Ng3 {[%emt 0:06:50]} g6 {[%emt 0:06:51]} 27. Bg4 {[%emt 0:00:20]} Qxf4 {[%emt 0:01:13]} 28. Bd1 {[%emt 0:06:52]} Qe3 {[%emt 0:00:55]} 29. Qh4 {[%emt 0:00:51]} Nf2+ {[%emt 0:01:37]} 30. Rxf2 {[%emt 0:00:06]} Qxf2 {[%emt 0:00:03]} 31. Qe7 {[%emt 0:00:07]} Rae8 {[%emt 0:07:19]} 32. Qxb7 {[%emt 0:01:11]} Qxd4 {[%emt 0:00:01]} 33. Bf3 {[%emt 0:01:02]} f4 {[%emt 0:02:52]} 34. Ne2 {[%emt 0:01:14]} Qxb2 {[%emt 0:00:56]} 35. Qxd5 {[%emt 0:00:47]} (35. Rc1 $17 {is a better defense.}) 35... Qxe5 {[%emt 0:00:10]} 36. Qb7 {[%emt 0:00:15]} Qb2 {[%emt 0:01:07]} 37. Rg2 {[%emt 0:00:48]} Qa1+ {[%emt 0:01:09]} 38. Rg1 {[%emt 0:00:23]} Qxa2 {[%emt 0:01:00]} 39. Qxb6 {[%emt 0:00:07]} Qd2 {[%emt 0:02:25]} 40. Rg2 {[%emt 0:00:00]} Qb4 {[%emt 0:00:00]} 41. Qa7 $19 {[%emt 0:02:16]} (41. Qg1 $142 Rf6 42. Rf2) 41... a4 {[%emt 0:02:48]} 42. Qg1 {[%emt 0:01:18]} a3 {[%emt 0:01:10]} 43. Rxg6 {[%emt 0:01:43]} hxg6 {[%emt 0:01:11]} 44. Qxg6 {[%emt 0:00:04]} Qe1+ {[%emt 0:00:33]} 45. Ng1 {[%emt 0:00:04]} Qe7 {[%emt 0:01:07]} 46. Qh6+ {[%emt 0:01:44]} Qh7 {[%emt 0:00:10]} 47. Qa6 {[%emt 0:00:35]} Qg7 {[%emt 0:01:58]} 48. Qxa3 {[%emt 0:00:09]} Re1 {[%emt 0:00:33]} 49. Qc5 {[%emt 0:00:04]} Rg8 {[%emt 0:00:31]} 0-1